Encyklopédia šitia [podrobný sprievodca technikami šitia]

Bibliographic Details
Other Authors: Nagyová, Jana, 1961- (Translator)
Format: Book
Language:Slovak
English
PhysicalDescription:311 s. fareb. fotogr., sch. 29 cm
Published: Bratislava Ikar 2004
ISBN:8055108870
Edition:2. vyd.
Subjects:

MARC

LEADER 00000cam a2200000 a 4500
001 vtls001560339
003 SK-MaSNL
005 20260302073951.0
008 240226s2004 xo ol g e 000 0 slo
015 |a SNBA2006/03-01230 
020 |a 8055108870  |q (viaz.) 
035 |a VTK41683 
035 |a urn:nbn:sk:snk-amygla 
035 |a urn:nbn:sk:snk-am00cla8 
035 |a 5566CAA2-48E4-442F-AA1E-99FBFE6C60D5 
040 |a SNK  |b slo  |c SNK  |e AACR2 
041 1 |a slo  |h eng 
044 |a xo  |c SK 
072 7 |a 646  |x Odievanie. Starostlivosť o telo  |2 konspekt 
080 |a 687.023  |2 MDT-MRF 
080 |a (031)  |2 MDT-MRF 
080 |a (035)  |2 MDT-MRF 
080 |a 646.21  |2 MDT-MRF 
130 0 |a The complete book of sewing  |l Slovensky  |9 580494 
245 0 0 |a Encyklopédia šitia  |b [podrobný sprievodca technikami šitia]  |c [z anglického originálu preložila Jana Nagyová] 
250 |a 2. vyd. 
260 |a Bratislava  |b Ikar  |c 2004 
300 |a 311 s.  |b fareb. fotogr., sch.  |c 29 cm 
500 |a Rozlož. fotogr. na tit. strane 
504 |a Slovník 
650 0 7 |a šitie  |2 SNKPH  |9 3098 
655 7 |a encyklopédie  |2 SNKPH  |9 28776 
655 7 |a príručky  |2 SNKPH  |9 74364 
700 1 |a Nagyová, Jana,  |d 1961-  |4 trl  |9 230553 
918 |a 80-551-0887-0 
919 |a 8055108870 
968 |b ENG  |d 64 
999 |c 1163055  |d 1164985 
952 |a SNK  |b SNK  |y PREZ  |7 0  |p 17A0479250  |o snkSB 70721  |i snk2005/12040  |8 0  |0 0  |1 0  |4 0  |d 2005-07-12  |f 1  |l 0  |r 2025-04-22 00:00:00  |w 2026-02-24 
952 |a SNK  |b SNK  |y VYP  |7 0  |p 17A0479255  |o snkSB 70721 D1  |i snk2005/12042  |8 0  |0 0  |1 0  |4 0  |d 2005-07-12  |l 0  |r 2016-06-30 00:00:00  |w 2026-02-24